| 000 | 01016cab a2200265 4500 | ||
|---|---|---|---|
| 001 | WB3121-40 | ||
| 008 | 090401t1995 xxu||||| |||| 00| 0 eng d | ||
| 035 | _a(Sirsi) u19069 | ||
| 041 | _aeng | ||
| 245 | _aPurchaser cannot waive condition | ||
| 260 | _c1995 | ||
| 350 | _a0 | ||
| 490 |
_aTimes _v2 June 1995 36(1) |
||
| 520 | _aIn "Manheath Ltd v HJ Banks and Co Ltd" Outer House of Court of Sessions 16 March 1995, it was held that where a contract of sale was subject to a suspensive condition that the purchaser would intimate to the seller, the grant of planning permission before a specified date and no such permission was granted by that date, the purchaser could not waiver the condition. | ||
| 650 | _aCONDITION OF SALE | ||
| 650 | _aCONTRACT OF SALE | ||
| 650 | _aCONVEYANCING | ||
| 650 | _aHOUSE PURCHASE | ||
| 650 | _aPLANNING PERMISSION | ||
| 650 | _aSCOTLAND | ||
| 650 | _aSUSPENSIVE CONDITION | ||
| 690 | _aPROPERTY LAW AND PRACTICE-CASE LAW | ||
| 942 | _n0 | ||
| 948 | _c04/03/1997 | ||
| 999 |
_c12696 _d12696 |
||